000 00480cam a2200193ua 4500
001 10553
008 190316n ii |||gr||||Z||||||eng
020 _a8170360250
040 _cMAIN
082 _a320.5
100 _aThomas Pantham,
_eAuthor.
245 _aPolitical thought in modern india
250 _a1st ed.
260 _aNew Delhi:
_bSage publications,
_c1986.
300 _a354p.
653 _aPolitical science
700 _aKenneth L Deutsch,
_eAuthor.
942 _cBK
999 _c9526
_d9526